The Seven Kingdoms of Westeros Quiz - Map - Statistics

General Stats
  • This quiz has been taken 742 times
  • The average score is 5 of 7
Answers on the Map
Answers color-coded by a green-red scale on the quiz's map according to % correct below.
 
Answer Stats
Kingdom % Correct
Kingdom of the North
98%
Principality of Dorne
93%
Kingdom of the Stormlands
82%
Kingdom of the Reach
80%
Kingdom of the Mountain and the Vale
77%
Kingdom of the Rock
74%
Kingdom of the Isles and Rivers
24%
No matching quizzes found
Score Distribution
Percent of People with Each Score
Percentile by Number Answered
Your Score History
You have not taken this quiz